Enseñar a pensar para aprender mejor

محفوظ في:
التفاصيل البيبلوغرافية
المؤلفون الرئيسيون: Beas Franco, Josefina (مؤلف), Santa Cruz Valenzuela, Josefina (مؤلف), Thomsen Queirolo, Paulina (مؤلف), Utreras García, Soledad (مؤلف)
التنسيق: كتاب
اللغة:الإسبانية
منشور في: Santiago Universidad Católica de Chile 2001
الطبعة:2a. ed
سلاسل:Aprendizaje
الموضوعات:
الوسوم: إضافة وسم
لا توجد وسوم, كن أول من يضع وسما على هذه التسجيلة!

MARC

LEADER 00000nam a2200000 a 4500
001 UCM3609
003 CL-VaPUC
005 20231019130443.0
008 020712e20011000CL |||||||||||||||||spa|d
999 |c 300817  |d 300815 
040 |c Pontificia Universidad Católica de Valparaíso 
082 0 4 |a 370.152  |b BEA  |2 21 
100 |a Beas Franco, Josefina  |e author  |9 542139 
245 1 0 |a Enseñar a pensar para aprender mejor 
250 |a 2a. ed 
260 |a Santiago  |b Universidad Católica de Chile  |c 2001 
300 |a 167 p 
490 0 |a Aprendizaje 
583 |a last modification  |c 20020712 00:00:00  |k Rodrigo Vera 
650 0 |a Psicología del aprendizaje  |9 306854 
650 0 |a Pensamiento crítico  |9 455560 
650 0 |a Métodos de enseñanza  |9 270413  |x Profesores 
700 0 |a Santa Cruz Valenzuela, Josefina  |e author  |9 470294 
700 0 |a Thomsen Queirolo, Paulina  |e author  |9 470295 
700 |a Utreras García, Soledad  |e author  |9 542142 
942 |c BK  |2 ddc 
945 |d 20020712 00:00:00  |a vberengu 
952 |0 0  |1 0  |4 0  |6 370_152000000000000_BEA_2001  |7 0  |8 A  |9 359145  |a BIBEDU  |b BIBEDU  |d 2019-11-21  |i 3829669  |l 2  |m 1  |o 370.152 BEA 2001  |p 3829669  |r 2023-04-27  |s 2023-04-13  |w 2019-11-21  |y BK  |k EPE 
952 |0 0  |1 0  |4 0  |6 370_152000000000000_BEA_2001  |7 0  |8 A  |9 359146  |a BIBEDU  |b BIBEDU  |d 2019-11-21  |i 3898199  |o 370.152 BEA 2001  |p 3898199  |r 2019-11-21  |w 2019-11-21  |y BK  |k EPE 
952 |0 0  |1 0  |4 0  |6 370_152000000000000_BEA_2001  |7 0  |8 A  |9 359147  |a BIBEDU  |b BIBEDU  |d 2019-11-21  |i 4374517  |o 370.152 BEA 2001  |p 4374517  |r 2019-11-21  |w 2019-11-21  |y BK  |k EPE